Iberia

Detalles Bibliográficos
Formato: Electrónico Revista
Lenguaje:inglés
Publicado: Seville, Spain : Universidad de Sevilla, Facultad de Filologia
Materias:
Acceso en línea:Full text available from Research Library: 01/01/2013 to 01/31/2018

MARC

LEADER 00000nas a2200000 i 4500
001 ssj0001507046
003 WaSeSS
005 20200512172242.0
006 m d
007 cr n
008 150505u20uuuuuusp fr p|s|||||| |0eng d
022 |a 1989-8525  |l 1989-8525 
035 |a (WaSeSS)ssj0001507046 
040 |a WaSeSS  |b eng  |c WaSeSS  |d WaSeSS 
050 4 |a P1 
130 0 |a Iberia (Seville) 
210 1 |a Iberia  |b (Sevilla) 
222 0 |a Iberia  |b (Sevilla) 
245 1 0 |a Iberia  |h [electronic resource]. 
260 |a Seville, Spain :  |b Universidad de Sevilla, Facultad de Filologia 
310 |a Semiannual 
506 |a License restrictions may limit access. 
588 |a Description based on: Volume 5 (1) (2013); title from article pdf (ProQuest, viewed May 4, 2015). 
588 |a Latest issue consulted: Volume 5 (2) (2013) (viewed May 4, 2015). 
650 0 |a Linguistics  |v Periodicals. 
650 0 |a Language and languages  |v Periodicals. 
655 0 |a Electronic journals. 
856 4 0 |z Full text available from Research Library: 01/01/2013 to 01/31/2018  |u https://search.proquest.com/publication/2035044